MDQL
is popping MORE tags! Check the
thread
!
Quizzes
Events
Quiz Creation
Community
Videos
Private Events
Remove Ads
Sign In
Join for FREE
Feedback
Dark Mode
Quiz Categories
Sports
Geography
Music
Movies
Television
Just For Fun
Miscellaneous
History
Literature
Language
Science
Gaming
Entertainment
Religion
Holiday
For Kids
Quiz Lab
Recent
Popular Today
Quiz Kudos Today
Editor Picks
Curator Picks
Quizzes by...
Day
Popularity
Type
Ratings
Length
Year
Community
Subscriptions
Recent Discussions
Orange Saloon
Badges
Playlists
Quests
Create
Leaderboards
Showdown
Live 5
Trivia Bingo
Activity
Puzzle Library
Sporcle Events
Private Events
Virtual Trivia
Globe League
Become a Host
Pub Owners
SporcleCon
Opinionation
Our Games
Videos
Blog
Mobile Apps
Partnerships
Remove Ads and Go Orange
Feedback
Movies
Disney
Marvel Cinematic Universe
Movie Resume
Movie Titles
Oscar
Actor
Actress
Director
Pixar
Role
Movie Quotes
Movie Characters
Box Office
Nominee
Best Picture
Star Wars
James Bond
Horror Movies
Movies
Disney
Marvel Cinematic Universe
Movie Resume
Movie Titles
Oscar
Actor
Actress
Director
Pixar
Role
Movie Quotes
Movie Characters
Box Office
Nominee
Best Picture
Star Wars
James Bond
Horror Movies
Random Quiz
Search Sporcle
×
Quiz Lab
Quiz Lab
Movies
Lyrics
Type in answers that appear in a list
Type in answers that appear in a list
Classic
Best Score? Go Orange.
Guess The Swan Princess Lyrics Stats
Can you name the lyrics to this song from The Swan Princess?
By
disneytwirler211
10m
215 Questions
273 Plays
273 Plays
273 Plays
Comments
Comments
Give Quiz Kudos
Give Quiz Kudos
-
- Ratings
hide this ad
Replay
Link that replays current quiz
Next Quiz
Link to next quiz in quiz playlist
You Got
0%
They Got
Avg Score
60%
Avg Friend Score
Upgrade to see
Score Distribution
Jump to the score distribution portion of the page
Score
0/215
Timer
10:00
0
Plays Today
% Correct
I
92.7%
I
92.7%
I
92.7%
I
92.7%
I
92.7%
I
92.7%
I
92.7%
I
92.7%
I
92.7%
a
87.5%
the
87.5%
the
87.5%
a
87.5%
a
87.5%
and
87.5%
and
87.5%
No
79.1%
No
79.1%
No
79.1%
no
79.1%
No
79.1%
No
79.1%
be
74.7%
for
73.6%
for
73.6%
for
73.6%
me
73.3%
Guy,
73.3%
me
73.3%
me
73.3%
Guy
73.3%
Guy's
73.3%
Guy,
73.3%
guy
73.3%
Guy,
73.3%
me
73.3%
to
72.2%
to
72.2%
to
72.2%
more
72.2%
more
72.2%
to
72.2%
to
72.2%
to
72.2%
to
72.2%
more
72.2%
to
72.2%
more
72.2%
more
72.2%
Nice
71.8%
Nice
71.8%
Nice
71.8%
Nice
71.8%
Nice
71.8%
Mr.
70.7%
Mr.
70.7%
Mr.
70.7%
Mr.
70.7%
Mr.
70.7%
I'm
69.6%
I'm
69.6%
I'm
69.6%
I'm
69.6%
I'm
69.6%
Not
68.1%
not
68.1%
that
66.3%
that
66.3%
that
66.3%
can't
65.9%
in
65.9%
can't
65.9%
% Correct
So
65.2%
my
65.2%
my
65.2%
so
65.2%
my
65.2%
So
65.2%
so
65.2%
Odette,
64.8%
Odette
64.8%
is
64.5%
is
64.5%
see
62.6%
see
62.6%
see)
62.6%
it's
61.9%
When
61.9%
I'll
61.9%
of
61.9%
one
61.9%
I'll
61.9%
when
61.9%
I'll
61.9%
One
61.9%
you
60.1%
get
59.3%
get
59.3%
get
59.3%
her
59.3%
Up
58.6%
ball
58.6%
up
58.6%
Up
58.6%
king,
58.2%
magic
58.2%
wait
57.9%
their
57.9%
I've
57.9%
their
57.9%
that's
57.9%
wait
57.9%
(wait
57.9%
that's
57.9%
now,
57.1%
time!
57.1%
with
56.8%
even
56.8%
even
56.8%
was
56.8%
Good
56.4%
don't
56.4%
good,
56.4%
good
56.4%
them
56%
Well,
56%
'em,
56%
well
56%
love
56%
eat
54.9%
lunches
54.9%
If
54.9%
siree
54.9%
as
54.9%
As
54.9%
old
54.9%
Bad
54.9%
much
54.6%
black
54.6%
much
54.6%
'til
54.2%
what
53.8%
'Cause
53.5%
'cause
53.5%
% Correct
'Cause
53.5%
nasty,
53.5%
intend
53.1%
going
53.1%
mad,
53.1%
born
53.1%
Time
52.7%
believe
52.7%
such
52.4%
punches
52.4%
true
52.4%
won't
52.4%
Gosh,
51.6%
they'll
51.6%
correct
51.6%
back
51.6%
hoot
51.3%
politically
51.3%
respect
50.9%
color
50.9%
way
50.5%
quaking
50.2%
show
50.2%
treat
49.8%
tragic
49.8%
become
49.8%
real
49.5%
poor
49.1%
hearts
49.1%
Baby,
49.1%
rotten
49.1%
think
48.7%
kingdom
48.7%
naughty,
48.4%
breaking
48%
history
48%
dead
47.6%
let
46.9%
started
46.9%
ringer
46.9%
Wicked,
46.5%
duller,
46.2%
Vengeance
45.8%
haven't
45.4%
control
45.4%
delightful,
45.4%
watch
45.1%
zap
45.1%
hard-hearted
44.7%
behavior
44.7%
never
44.7%
has
44%
date
44%
who's
44%
bring
43.6%
Lying,
43.6%
plottin',
43.2%
Soon
42.9%
spiteful,
42.9%
offender
42.5%
repeat
42.1%
tender,
41.8%
zinged
41.4%
witchcraft
40.3%
gain
40.3%
wayward,
40.3%
loathsome,
39.6%
Indiscreet
39.2%
by,
38.5%
pulled
38.1%
very
29.7%
Quiz Playlist
Details
Report
Send in Message
Add To Playlist
Classic:
Type in answers that appear in a list
Last Updated: Feb 16, 2017
Quiz Scoreboard
CHALLENGE
Sign Up to Join the Scoreboard
Show All
Scores
Hide
Comments
May contain spoilers
Recently Published
1-10 Letter E Words III
by El_Dandy
Language
2m
Street Fighter Characters
by Artimus82
Gaming
60s
College Basketball Coaching Resumes
by pancakes188
Sports
9m
More to Explore
Quiz From the Vault
Featured Blog Post
Where Did the Easter Bunny Come From?
hide this ad
You Might Also Like...
Tags
Lyrics Quiz
Animated Movie
princess
Swan
Today's Top Quizzes in Movies
Browse Movies
hide this ad
Today's Top Quizzes in Lyrics
Browse Lyrics
Top Contributed Quizzes in Movies
1
Pick 5 Posters: Directed by Spielberg
2
7-to-1: Pixar Characters
3
Hidden Star Wars Character II
4
Hidden Star Wars Character III
5
Pick 5 Posters: Lowest-Rated Spielberg
6
Sorting Actresses
7
Sorting Actors
8
Hidden Star Wars Character IV
9
Hidden Star Wars Character V
10
Pick 5 Posters: Directed by Scorsese
Explore More
Trending Topics
NBA
Disney
Marvel
Kpop
Anime
Harry Potter
Crossword
Country
Soccer
Song
NFL
Pokémon
WWE
Puzzle
The Office
hide this ad
More By:
disneytwirler211
Quiz
Plays
Rating
Category
Featured
Created
Follow That Line: The Lion King
100,677
4.62
Movies
Nov 21, 2012
Follow that Line: Beauty and the Beast
17,927
4.81
Movies
Nov 30, 2012
Follow That Line: Tangled
11,459
4.61
Movies
Apr 21, 2013
Disney Lyrics for Every Letter: Aladdin
10,434
4.82
Movies
Nov 3, 2014
Follow that Line: The Little Mermaid
10,041
4.68
Movies
Nov 19, 2012
Go to Creator's Profile
Score Distribution
Quiz Creator Spotlight
disneytwirler211
Follow
Send a Message
Quizzes Created
-
Created Quiz Play Count
-
More By This Creator
Popular Quizzes Today
1
Find the US States - No Outlines Minefield
2
Find the Countries of Europe - No Outlines Minefield
3
The Countries of the World
4
Find the US States
5
Risky Map Clicking: Biggest States A-Z
6
US States
7
Popular People in 1961
8
Movies - When Are They Set?
More Movies Quizzes
Harry Potter Films With No Characters
Editor's Pick
Trending Quizzes
Risky Map Clicking: Least Populous States A-Z
1-10 Letter G Words
1-10 Letter F Words
Countries of the World: 200 Million BC
Risky Map Clicking: Next State Alphabetically
Recently Updated
Beyoncé Albums
pecheneg
Leaping Animals
pecheneg
Reality TV Shows (A-Z)
bhenderson79
Rickey Henderson's Hall of Fame Teammates
pecheneg
Champions League XIs: Arsenal
pecheneg
Quick Pick: Celebrities in WWE's Hall of Fame
aduchscher
A-Z Keypad Blitz II
pecheneg
Multiple Oscar Actors
pecheneg
Mystery Phrase Blitz: Oscar 'Best Actors'
pecheneg
F. Scott Fitzgerald Novels
LTH
Trending Topics
Anime
Marvel
Crossword
Harry Potter
NBA
Kpop
Disney
Soccer
WWE
NFL
Pokémon
Song
The Office
Country
Puzzle
Your Account Isn't Verified!
In order to create a playlist on Sporcle, you need to verify the email address you used during registration. Go to your
Sporcle Settings
to finish the process.
Report this User
Report this user for behavior that violates our
Community Guidelines
.
Details:
Send Report
Go to the Sporcle.com Mobile Site →
Comments